| 000 | 00453nam a22001817a 4500 | ||
|---|---|---|---|
| 003 | CEME | ||
| 005 | 20210628203934.0 | ||
| 008 | 210311b xxu||||| |||| 00| 0 eng d | ||
| 020 | _a81-239-0131-3 | ||
| 040 | _c. | ||
| 082 | _a621.38804 MAI'C | ||
| 100 |
_aMaini, A. K _962343 |
||
| 245 | _aColour television and vedio technology, principles and applications | ||
| 250 | _a2ND | ||
| 260 |
_aDELHI _bCBS _c1992 |
||
| 300 | _a179P | ||
| 942 |
_cBK _2ddc |
||
| 999 |
_c575603 _d575603 |
||